000 00620nam a2200229Ia 4500
003 OSt
005 20220918190543.0
006 a|||||r|||| 00| 0
007 ta
008 220917b |||||||| |||| 00| 0 eng d
024 _a57,653
037 _cTextual
040 _aARTS
_cARTS
_beng
041 _2eng
_aeng
082 _aP444-498,9D2526, M9.1
100 _aSarma D D
_971234
245 0 _aTibeto Himalayan languages of Uttarakhand
260 _aNew Delhi
_bMittal
_c1989
650 _aLINGUISTICS
942 _hP444-498,9D2526, M9.1
_cTEXL
_2CC
999 _c185781
_d185781